header

Molecular aspects of innate and adaptive immunity (Record no. 54273)

MARC details
000 -LEADER
fixed length control field 01312nam a2200337Ia 4500
082 04 - DEWEY DECIMAL CLASSIFICATION NUMBER
Classification number 616.079
245 00 - TITLE STATEMENT
Title Molecular aspects of innate and adaptive immunity
260 ## - PUBLICATION, DISTRIBUTION, ETC. (IMPRINT)
Place of publication Cambridge, UK :
Name of publisher Royal Society of Chemistry,
Year of publication c2008.
300 ## - PHYSICAL DESCRIPTION
Number of Pages xiii, 297 p. :
Other physical details ill. (some col.)
650 #0 - SUBJECT ADDED ENTRY--TOPICAL TERM
Topical Term Natural immunity.
Topical Term Molecular immunology.
700 1# - ADDED ENTRY--PERSONAL NAME
Personal name Reid, Kenneth B. M.,
Personal name Sim, Robert B.
856 40 - ELECTRONIC LOCATION AND ACCESS
Uniform Resource Identifier http://site.ebrary.com/lib/rucke/Doc?id=10618780

No items available.

© 2026 Rongo University
Contact us: librarian | system librarian | Rongo university